02579nam a2200421uu 4500001000800000005001700008008004100025020001500066035001200081035002100093040001300114041000800127080000900135082000800144100005100152245008500203250001700288260010400305300001800409505094600427650002201373650001301395650002501408650002001433650002901453650002301482650003501505650002901540650003701569651005301606700003701659700004201696700006401738700005301802700003501855710014201890710012502032100647120260507073505.0061124s2006 spa  a9586559858 a1006471 a(OCoLC)777586621 ccomduadb aspa aJ/GI 4a30510aGómez Hernández, Rubby Esperanza4auteaut10aInteracción en el cuidado infantil : dimensión psicológica y sociocultural a1. edición aMedellín :bUniversidad de Antioquia. Centro de Investigaciones Sociales y Humanas (CISH),c2006. a119 páginas aCONTENIDO : Prólogo por Eumelia Galeano. -- Introducción. -- 1: Fundamentación teórica conceptuales de la interacción. -- La teoría del apego. -- El modelo ecológico del desarrollo. -- Interacción social y aprendizaje. -- La teoría cognitiva social. -- El interaccionismo simbólico. -- La interiorización. -- El enfoque sociocultural. -- Bibliografía. -- 2: Interacción cuidadora niño(a). -- El vínculo en el cuidado. -- Las pautas y prácticas de crianza. -- Bibliografía. -- 3: Familia, interacción y cuidado infantil. -- La conformación familiar. -- Bibliografía. -- 4: Contexto sociocultural y cuidado infantil. -- Prácticas culturales de crianza. -- Apoyo social. -- Organizaciones sociales. -- Redes sociales. -- Valoración del trabajo en red. -- Política pública de infancia. -- Bibliografía. -- 5: Aportes a la sostenibilidad del ICDP en Antioquia. -- Fotos. -- Gráficos. -- Tablas. 7aPsicología2dcs aSociedad aNiños - Medellín 7aCuidadores2dcs 7aCrianza de niños2lemb aFamilia - Medellin aFamilia - Antioquia (Colombia) 7aDesarrollo infantil2dcs 7aNiñosxCuidado e higiene2lemb 7aAntioquia (Colombia)xCondiciones sociales2lemb10aGómez Maquet, Yvonne4auteaut10aHurtado Betancur, Hortensia4auteaut10aGaleano Marín, María Eumelia4ths0(viaf)310548370eths10aQuintero Velásquez, Ángela María4thseths10aArmstrong, Nicoletta4thseths20aUniversidad de Antioquia. Facultad de Ciencias Sociales y Humanas. Grupo de Investigacion Cultura, Politica y Desarrollo social4auteaut20aUniversidad de Antioquia. Facultad de Ciencias Sociales y Humanas. Grupo de Investigacion Psicologia Cognitiva4auteaut